Presidents of Guinea by Picture - Statistics

General Stats
  • This quiz has been taken 9 times
  • The average score is 6 of 7
Answer Stats
Picture Hint Answer % Correct
1958-1984 Ahmed Sékou Touré
100%
2010-2021 Alpha Condé
100%
1984-2008 Lansana Conté
100%
2008-2009 Moussa Dadis Camara
100%
2021-Present Mamady Doumbouya
88%
2009-2010 Sékouba Konaté
75%
1984 Louis Lansana Beavogui
63%
No matching quizzes found
Score Distribution
Percent of People with Each Score
Percentile by Number Answered
Your Score History
You have not taken this quiz